[Event "BRA-ch 88th"]
[Site "Recife"]
[Date "2022.12.21"]
[Round "9"]
[White "Monteiro, Aldus Daniel F De S"]
[Black "Bentes, Joao Roberto Rocha"]
[Result "1-0"]
[WhiteElo "1619"]
[BlackElo "1743"]
[PlyCount "80"]
[EventDate "2022.12.15"]
[EventType "swiss"]
[EventRounds "11"]
[EventCountry "BRA"]
[SourceTitle "CBM 212 Extra"]
[Source "ChessBase"]
[SourceDate "2023.03.31"]
[SourceVersion "1"]
[SourceVersionDate "2023.03.31"]
[SourceQuality "1"]

1. e4 c5 2. c3 Nc6 3. d4 cxd4 4. cxd4 e6 5. f4 Bb4+ 6. Nc3 d5 7. e5 Qb6 8. Nf3 Nge7 9. Bd3 Bd7 10. Be3 h6 11. 0-0 Nf5 12. Bxf5 Bxc3 13. Bxe6 fxe6 14. bxc3 Na5 15. Nd2 Qc7 16. Qh5+ Kd8 17. Rac1 Rf8 18. Qe2 b5 19. Bf2 Kc8 20. Bh4 a6 21. Be7 Rf7 22. Bd6 Qb6 23. Rb1 Nb7 24. Ba3 Qa5 25. Bb4 Qxa2 26. Qd3 a5 27. Ra1 Qb2 28. Rfb1 Qxb1+ 29. Qxb1 a4 30. Qh7 Nd8 31. Nb3 Ra7 32. Nc5 Kc7 33. Nxd7 Kxd7 34. Qd3 Rb7 35. Rf1 Kc6 36. f5 Ra7 37. fxe6 Rxf1+ 38. Kxf1 Nxe6 39. Qg6 a3 40. Qxe6+ Kc7 1-0

[Event "BRA-ch 88th"]
[Site "Recife"]
[Date "2022.12.19"]
[Round "7"]
[White "Ferreira, Alexander"]
[Black "Bentes, Joao Roberto Rocha"]
[Result "0-1"]
[WhiteElo "1517"]
[BlackElo "1743"]
[PlyCount "65"]
[EventDate "2022.12.15"]
[EventType "swiss"]
[EventRounds "11"]
[EventCountry "BRA"]
[SourceTitle "CBM 212 Extra"]
[Source "ChessBase"]
[SourceDate "2023.03.31"]
[SourceVersion "1"]
[SourceVersionDate "2023.03.31"]
[SourceQuality "1"]

1. e4 c5 2. Nf3 Nc6 3. d4 cxd4 4. Nxd4 e5 5. Nb3 Nf6 6. f3 a6 7. c3 Be7 8. Be3 d5 9. exd5 Nxd5 10. Bf2 Be6 11. N1d2 Nf4 12. Qc2 Qd7 13. 0-0-0 Bf5 14. Ne4 Qc8 15. g3 Nh3 16. Bb6 Bg5+ 17. f4 Be7 18. Bxh3 Bxh3 19. Nd6+ Bxd6 20. Rxd6 0-0 21. Be3 Re8 22. Qd2 Qf5 23. Re1 Bg4 24. Rf1 Bh5 25. Qc2 Qg4 26. Qf2 Rad8 27. Rxd8 Rxd8 28. Nd2 Rc8 29. Qf3 Qh3 30. Qf2 Nb4 31. Kb1 Qf5+ 32. Ka1 Nc2+ 33. Kb1 0-1